| 000 | 00588nam a2200181 4500 | ||
|---|---|---|---|
| 999 |
_c169144 _d169144 |
||
| 005 | 20191107105019.0 | ||
| 010 | _aENG-126844 | ||
| 020 |
_c425.00 _a9789353166021 |
||
| 035 | _aEN-110376 | ||
| 037 | _bDBAD/PUB | ||
| 082 |
_a535.2 _22nd ed. |
||
| 100 | _aBahety, Sanjay K. | ||
| 245 |
_aOptics and modern physics for JEE main and advanced / _cby Sanjay K.Bahety |
||
| 260 |
_a Delhi _bMCGraw Hill Education _c2019 |
||
| 270 |
_a444/1, Sri Ekambara Naicker Industrial Estate, Chennai _e600116 |
||
| 300 |
_avarious paging _c27cm(pbk) |
||
| 942 |
_2ddc _cEN _h535.2 _mBAH |
||